| 000 | 01594cad a22002175a 4500 | ||
|---|---|---|---|
| 001 | L151038 | ||
| 008 | 100927s2010 xxk f 000 0 eng d | ||
| 020 | _a9780117541030 | ||
| 035 | _a(Sirsi) u151038 | ||
| 041 | 0 | _aeng | |
| 050 | 0 | 4 | _a306 $2 18 |
| 110 | 2 |
_aDepartment for Communities and Local Government _95880 |
|
| 245 | 0 | 4 |
_aThe Building Act 1984, Building Regulations 2010 _bnew and extended competent person self-certification schemes, consolidated Building Regulations and Building (Approved Inspectors etc) Regulations, circular 07/2010 _h[electronic resource] |
| 260 |
_aLondon _bDCLG _c2010 |
||
| 520 | _aThe new consolidated Building Regulations come into force on 1 October 2010; this circular sets out and explains the two sets of regulations (SI 2010/2214) and (SI 2010/2215) which consolidate the Building Regulations 2000 (SI 2000/2531) and subsequent amendments to those Regulations, and the Building (Approved Inspectors etc) Regulations 2000 (SI 2000/2532) and subsequent amendments to those Regulations; explains the transitional provisions; confirms the continued approval of the Approved Documents and approved methodologies, circumstances, procedures and manners of recording under specific regulations in the Building Regulations; and announces further provisions for self-certification. | ||
| 590 | _aKA NTK | ||
| 651 | 4 |
_aEngland and Wales _y1543- |
|
| 690 |
_aBuilding regulations _96224 |
||
| 856 | 4 | 8 |
_uhttps://www.communities.gov.uk/documents/planningandbuilding/pdf/circular072010.pdf _zView the website free of charge at www.communities.gov.uk |
| 942 | _n0 | ||
| 999 |
_c111105 _d111105 |
||